Statistics for States, Provinces and Territories of the US, Canada and Mexico

Click here to take the quiz!

General Stats

  • This quiz has been taken 94 times
  • The average score is 77 of 94

Answer Stats

CountryState, Province, etc% Correct
USMaine
97%
USAlabama
95%
USAlaska
95%
USCalifornia
95%
USIllinois
95%
USMichigan
95%
USMississippi
95%
USNew Jersey
95%
USNew Mexico
95%
USNew York
95%
USUtah
95%
CanadaAlberta
94%
USArizona
94%
USFlorida
94%
USIdaho
94%
USIndiana
94%
USNew Hampshire
94%
USNorth Carolina
94%
CanadaOntario
94%
USOregon
94%
USSouth Carolina
94%
USTexas
94%
USVermont
94%
USWashington
94%
USArkansas
92%
USGeorgia
92%
USKansas
92%
USKentucky
92%
USNevada
92%
USNorth Dakota
92%
USOhio
92%
CanadaQuebec
92%
USSouth Dakota
92%
USWisconsin
92%
USWyoming
92%
USDelaware
91%
USHawaii
91%
USIowa
91%
USLouisiana
91%
USMinnesota
91%
USMissouri
91%
USMontana
91%
USOklahoma
91%
USVirginia
91%
USWest Virginia
91%
USColorado
89%
USConnecticut
89%
USMassachusetts
89%
USNebraska
89%
CanadaPrince Edward Island
89%
USTennessee
89%
CanadaBritish Columbia
88%
USMaryland
88%
CanadaSaskatchewan
88%
Canadian TerritoryYukon
88%
CanadaManitoba
86%
CanadaNew Brunswick
86%
USPennsylvania
86%
CanadaNewfoundland and Labrador
84%
CanadaNova Scotia
84%
Canadian TerritoryNunavut
84%
MexicoBaja California
83%
MexicoBaja California Sur
83%
MexicoMéxico
81%
USRhode Island
81%
MexicoChihuahua
78%
Canadian TerritoryNorthwest Territories
78%
MexicoYucatán
77%
MexicoChiapas
72%
MexicoSonora
69%
MexicoJalisco
67%
MexicoNuevo León
66%
MexicoVeracruz de Ignacio de la Llave
66%
MexicoOaxaca
64%
MexicoPuebla
64%
MexicoTabasco
63%
MexicoQuerétaro de Arteaga
61%
MexicoSinaloa
61%
MexicoTamaulipas
61%
MexicoCampeche
59%
MexicoDurango
59%
MexicoAguascalientes
58%
MexicoColima
58%
MexicoGuerrero
58%
MexicoMichoacán de Ocampo
58%
MexicoNayarit
58%
MexicoCoahuila de Zaragoza
56%
MexicoHidalgo
56%
MexicoQuintana Roo
56%
MexicoZacatecas
55%
MexicoGuanajuato
52%
MexicoSan Luis Potosí
50%
MexicoTlaxcala
50%
MexicoMorelos
48%

Score Distribution

Percentile by Number Answered

Percent of People with Each Score

Your Score History

You have not taken this quiz